ACTUARIAL MATHEMATICS FOR LIFE CONTINGENT RISKS (Record no. 216972)
[ view plain ]
| 000 -LEADER | |
|---|---|
| fixed length control field | 00636nam a22001817a 4500 |
| 008 - FIXED-LENGTH DATA ELEMENTS--GENERAL INFORMATION | |
| fixed length control field | 260415b |||||||| |||| 00| 0 eng d |
| 020 ## - INTERNATIONAL STANDARD BOOK NUMBER | |
| International Standard Book Number | 978-0-511-65169-4 |
| 050 ## - LIBRARY OF CONGRESS CALL NUMBER | |
| Classification number | HG 8781 .D53 2009 |
| 100 ## - MAIN ENTRY--PERSONAL NAME | |
| Personal name | DICKSON, DAVID C.M. |
| 245 ## - TITLE STATEMENT | |
| Title | ACTUARIAL MATHEMATICS FOR LIFE CONTINGENT RISKS |
| 260 ## - PUBLICATION, DISTRIBUTION, ETC. | |
| Place of publication, distribution, etc. | NEW YORK, |
| Name of publisher, distributor, etc. | CAMBRIDGE UNIVERSITY PRESS, |
| Date of publication, distribution, etc. | 2009 |
| 300 ## - PHYSICAL DESCRIPTION | |
| Extent | XVII, 493 P , ILL |
| 500 ## - GENERAL NOTE | |
| General note | INCLUDES BIBLIOGRAPHICAL REFRERENCES AND INDEX. |
| 650 ## - SUBJECT ADDED ENTRY | |
| Topical term or geographic name entry element | LIFE INSURANCE 2. ACTURIAL SCIENCE 3. RISK MANAGEMENT |
| 700 ## - ADDED ENTRY--PERSONAL NAME | |
| Personal name | HARDY, MARY R. WATERS, HOWARD R. |
| 942 ## - ADDED ENTRY ELEMENTS (KOHA) | |
| Source of classification or shelving scheme | Library of Congress Classification |
| Koha item type | Long Loan Book |
| Withdrawn status | Lost status | Source of classification or shelving scheme | Damaged status | Not for loan | Collection | Home library | Current library | Shelving location | Date acquired | Inventory number | Total checkouts | Full call number | Barcode | Date last seen | Copy number | Price effective from | Koha item type | Date last checked out |
|---|---|---|---|---|---|---|---|---|---|---|---|---|---|---|---|---|---|---|
| Library of Congress Classification | Business & Economics | Kisii University Library | Kisii University Library | On Display | 04/15/2026 | 113016 | HG 8781 . D53 2009 | a001574 | 04/15/2026 | 1 | 04/15/2026 | Long Loan Book | ||||||
| Library of Congress Classification | Business & Economics | Kisii University Library | Kisii University Library | On Display | 04/15/2026 | 113017 | HG 8781 . D53 2009 | a001572 | 04/15/2026 | 2 | 04/15/2026 | Long Loan Book | ||||||
| Library of Congress Classification | Business & Economics | Kisii University Library | Kisii University Library | On Display | 04/15/2026 | 113018 | HG 8781 . D53 2009 | a001571 | 04/15/2026 | 3 | 04/15/2026 | Long Loan Book | ||||||
| Library of Congress Classification | Business & Economics | Kisii University Library | Kisii University Library | On Display | 04/15/2026 | 113019 | HG 8781 . D53 2009 | a001570 | 04/15/2026 | 4 | 04/15/2026 | Long Loan Book | ||||||
| Library of Congress Classification | Business & Economics | Kisii University Library | Kisii University Library | On Display | 04/15/2026 | 113020 | HG 8781 . D53 2009 | a001569 | 04/15/2026 | 5 | 04/15/2026 | Long Loan Book | ||||||
| Library of Congress Classification | Business & Economics | Kisii University Library | Kisii University Library | On Display | 04/15/2026 | 113021 | HG 8781 . D53 2009 | a001568 | 04/15/2026 | 6 | 04/15/2026 | Long Loan Book | ||||||
| Library of Congress Classification | Business & Economics | Kisii University Library | Kisii University Library | On Display | 04/15/2026 | 113022 | HG 8781 . D53 2009 | a001567 | 04/15/2026 | 7 | 04/15/2026 | Long Loan Book | ||||||
| Library of Congress Classification | Business & Economics | Kisii University Library | Kisii University Library | On Display | 04/15/2026 | 113023 | HG 8781 . D53 2009 | a001566 | 04/15/2026 | 8 | 04/15/2026 | Long Loan Book | ||||||
| Library of Congress Classification | Business & Economics | Kisii University Library | Kisii University Library | On Display | 04/15/2026 | 113024 | 1 | HG 8781 . D53 2009 | a001565 | 04/22/2026 | 9 | 04/15/2026 | Long Loan Book | 04/17/2026 | ||||
| Library of Congress Classification | Business & Economics | Kisii University Library | Kisii University Library | On Display | 04/15/2026 | 113025 | HG 8781 . D53 2009 | a001564 | 04/15/2026 | 10 | 04/15/2026 | Long Loan Book | ||||||
| Library of Congress Classification | Business & Economics | Kisii University Library | Kisii University Library | On Display | 04/15/2026 | 113026 | HG 8781 . D53 2009 | a001563 | 04/15/2026 | 11 | 04/15/2026 | Long Loan Book | ||||||
| Library of Congress Classification | Business & Economics | Kisii University Library | Kisii University Library | On Display | 04/15/2026 | 113027 | HG 8781 . D53 2009 | a001562 | 04/15/2026 | 12 | 04/15/2026 | Long Loan Book |